000 01026nam a2200265Ia 4500
003 OSt
005 20220923211218.0
006 a|||||r|||| 00| 0
007 ta
008 220922b |||||||| |||| 00| 0 hin d
020 _a9788126717026 (hbk)
_c450
024 _a256,850
037 _b262, 12/12/2011, Vani Prakashan
_cTextual
040 _aARTS
_cARTS
_bhin
041 _2hin
_ahin
082 _aY73(P15):6.N, 152N1
100 _aएम. एन. श्रीनिवास
_9159746
245 0 _aआधुनिक भारत में सामाजिक परिवर्तन
246 _aĀdhunik bhārat mean sāmājik parivartana
260 _aनयी दिल्ली
_b राजकमल प्रकाशन
_c1991
300 _a181पृ.
_ccm.
650 _aभारतीय-लोक साहित्य
_9159747
942 _hY73(P15):6.N, 152N1
_cTEXL
_2CC
999 _c297006
_d297006